000 00492nam a2200157Ia 4500
008 231221s9999 xx 000 0 und d
041 _aEnglish
082 _a004.35 AXE
100 _aAxelson, Jan
245 0 _aParallel port complete: programming, interfacing and using the PCs parallel printer port
260 _c1996
_bMumbai: PRI
300 _axiv+343
300 _c24006
650 _aParallel,port,complete:,programming,,interfacing,using,PCs,parallel,printer,port
942 _cCD
999 _c202687
_d202687